[Event "FRA-chT4 0506"]
[Site "France"]
[Date "2006.03.12"]
[Round "6"]
[White "Belloy, Julien"]
[Black "Tristant, Roger"]
[Result "1-0"]
[WhiteElo "2016"]
[BlackElo "1970"]
[PlyCount "35"]
[EventDate "2005.10.02"]
[EventType "team"]
[EventRounds "9"]
[EventCountry "FRA"]
[SourceTitle "EXT 2007"]
[Source "ChessBase"]
[SourceDate "2006.11.23"]
[SourceVersion "1"]
[SourceVersionDate "2006.11.23"]
[SourceQuality "1"]

1. d4 Nf6 2. Bg5 Ne4 3. Bf4 d5 4. f3 Nd6 5. Nd2 Nc6 6. c3 e6 7. e4 dxe4 8. fxe4 g6 9. Ngf3 Bg7 10. Bd3 0-0 11. 0-0 a6 12. e5 Nf5 13. Ne4 b6 14. Bg5 Nfe7 15. Qd2 Bb7 16. Nf6+ Kh8 17. Qf2 Qc8 18. Qh4 1-0

[Event "FRA-chT4 0506"]
[Site "France"]
[Date "2005.11.20"]
[Round "2"]
[White "Petit, Christian Marie"]
[Black "Tristant, Roger"]
[Result "0-1"]
[WhiteElo "1900"]
[BlackElo "1870"]
[PlyCount "122"]
[EventDate "2005.10.02"]
[EventType "team"]
[EventRounds "9"]
[EventCountry "FRA"]
[SourceTitle "EXT 2007"]
[Source "ChessBase"]
[SourceDate "2006.11.23"]
[SourceVersion "1"]
[SourceVersionDate "2006.11.23"]
[SourceQuality "1"]

1. c4 Nf6 2. Nc3 g6 3. g3 Bg7 4. Bg2 0-0 5. d4 c6 6. e3 d6 7. Nge2 Re8 8. 0-0 Nbd7 9. b3 a6 10. Ba3 Rb8 11. Rc1 b5 12. cxb5 cxb5 13. Nd5 Nxd5 14. Bxd5 Nf6 15. Bc6 Bd7 16. Bxd7 Qxd7 17. Nf4 Rec8 18. Qf3 d5 19. Bb4 e6 20. Nd3 Ne4 21. Bc5 Nd2 22. Qg2 Nxf1 23. Qxf1 f6 24. b4 Rc6 25. h4 e5 26. Re1 h6 27. Kg2 g5 28. hxg5 hxg5 29. Qe2 e4 30. Nc1 g4 31. Rh1 Kf7 32. Rh4 f5 33. Qf1 Rh6 34. Rxh6 Bxh6 35. Ne2 Rh8 36. Qc1 Rc8 37. Qa3 Qe6 38. Nc3 Bg5 39. Qa5 Bd8 40. Qa3 Bc7 41. Qb3 Rd8 42. a4 Qc6 43. a5 Ke6 44. Kf1 Rh8 45. Ke1 Rh1+ 46. Kd2 Rh2 47. Ne2 Rxf2 48. Ke1 Rf3 49. Kd2 Bxg3 50. Qd1 Bf2 51. Qh1 Bxe3+ 52. Kd1 Rh3 53. Qf1 Qc7 54. Qg2 Qh2 55. Qxh2 Rxh2 56. Ng3 Bh6 57. Ke1 f4 58. Ne2 g3 59. Nc3 f3 60. Nxb5 axb5 61. a6 Ra2 0-1

[Event "FRA-chT4"]
[Site "Champagne Ardenne"]
[Date "2005.02.07"]
[Round "5"]
[White "Tristant, Roger"]
[Black "Fournier, Manuel"]
[Result "0-1"]
[WhiteElo "1810"]
[BlackElo "1860"]
[PlyCount "63"]
[EventDate "2005.01.09"]
[EventRounds "7"]
[EventCountry "FRA"]
[SourceTitle "EXT 2007"]
[Source "ChessBase"]
[SourceDate "2006.11.23"]
[SourceVersion "1"]
[SourceVersionDate "2006.11.23"]
[SourceQuality "1"]

1. d4 d5 2. c4 e6 3. Nc3 Nf6 4. Nf3 c6 5. Bg5 Nbd7 6. e3 Qa5 7. Qc2 Bb4 8. Bd3 Ne4 9. 0-0 Nxg5 10. Nxg5 dxc4 11. Nce4 cxd3 12. Qxd3 Be7 13. f4 h6 14. Nf3 0-0 15. a3 Nf6 16. b4 Qf5 17. Nfd2 Nxe4 18. Qxe4 Qxe4 19. Nxe4 Bd7 20. h3 a5 21. Nc5 Bxc5 22. bxc5 Rae8 23. Rab1 Bc8 24. Rf3 f6 25. g4 e5 26. Rd1 exf4 27. exf4 Re2 28. d5 cxd5 29. Rxd5 Rfe8 30. Rd6 Ra2 31. Rd1 Rc2 32. Rd5 0-1

[Event "FRA-chT4 0203"]
[Site "Champagne Ardenne"]
[Date "2003.03.16"]
[Round "6"]
[White "Fleurentin, Arnaud"]
[Black "Tristant, Roger"]
[Result "1-0"]
[WhiteElo "1790"]
[BlackElo "1850"]
[PlyCount "55"]
[EventDate "2002.10.02"]
[EventType "team"]
[EventRounds "7"]
[EventCountry "FRA"]
[SourceTitle "EXT 2005"]
[Source "ChessBase"]
[SourceDate "2004.11.15"]
[SourceVersion "1"]
[SourceVersionDate "2004.11.15"]
[SourceQuality "1"]

1. e4 e5 2. Nc3 Nf6 3. Bc4 Bc5 4. Nge2 d6 5. 0-0 Nc6 6. d3 h6 7. Na4 Bb6 8. Nxb6 axb6 9. a3 Bg4 10. Be3 0-0 11. Qd2 Kh7 12. f4 Be6 13. Bb5 Na7 14. Nc3 c6 15. f5 Bd7 16. Bc4 Ng4 17. Rf3 Nxe3 18. Qxe3 f6 19. Raf1 Nc8 20. Rg3 Ne7 21. Qf3 Qe8 22. Qg4 g6 23. fxg6+ Nxg6 24. Qh5 Ra5 25. Rgf3 Qe7 26. Rg3 Nf4 27. Rxf4 exf4 28. Qg6+ 1-0

[Event "Ardennes op 3rd"]
[Site "Bogny sur Meuse"]
[Date "2001.07.19"]
[Round "5"]
[White "Tristant, Roger"]
[Black "Renard, Stephane"]
[Result "0-1"]
[WhiteElo "1840"]
[BlackElo "2071"]
[PlyCount "62"]
[EventDate "2001.07.17"]
[EventType "swiss"]
[EventRounds "9"]
[EventCountry "FRA"]
[SourceTitle "EXT 2020"]
[Source "ChessBase"]
[SourceDate "2019.10.17"]
[SourceVersion "1"]
[SourceVersionDate "2019.10.17"]
[SourceQuality "1"]

1. d4 Nf6 2. c4 g6 3. Nc3 Bg7 4. e4 d6 5. f3 0-0 6. Be3 Nbd7 7. Qd2 c5 8. Nge2 e5 9. dxc5 dxc5 10. Nd5 b6 11. Nec3 Nb8 12. h4 h5 13. Bg5 Nc6 14. Rd1 Nd4 15. Nb5 Nxb5 16. Nxf6+ Bxf6 17. Qxd8 Bxd8 18. Bh6 Nd4 19. Bxf8 Kxf8 20. Kf2 a5 21. g3 Bc7 22. Bd3 Ke7 23. Ke3 f6 24. Rdf1 f5 25. f4 exf4+ 26. gxf4 Bb7 27. Rhg1 fxe4 28. Bxe4 Bxe4 29. Kxe4 Kf6 30. Kd3 Re8 31. Rg5 Ne6 0-1

[Event "Ardennes-ch 0102"]
[Site "Ardennes"]
[Date "2001.??.??"]
[Round "?"]
[White "Belloy, Julien"]
[Black "Tristant, Roger"]
[Result "1-0"]
[WhiteElo "1910"]
[BlackElo "1760"]
[PlyCount "103"]
[EventDate "2001.??.??"]
[EventType "swiss"]
[EventRounds "9"]
[EventCountry "FRA"]
[SourceTitle "EXT 2008"]
[Source "ChessBase"]
[SourceDate "2007.11.25"]
[SourceVersion "1"]
[SourceVersionDate "2007.11.25"]
[SourceQuality "1"]

1. d4 Nf6 2. c4 g6 3. Nc3 Bg7 4. e4 d6 5. f3 0-0 6. Be3 Nc6 7. Qd2 e5 8. Nge2 exd4 9. Nxd4 Bd7 10. Be2 Re8 11. 0-0 a6 12. Nb3 Ne5 13. Bg5 Be6 14. Nd5 Ned7 15. Rfd1 Qb8 16. Kh1 b6 17. Nd4 Bxd5 18. cxd5 Ne5 19. Rac1 Qb7 20. Rc2 Rac8 21. Rdc1 Ned7 22. b4 b5 23. Nc6 Nb6 24. Bf1 Nfd7 25. g3 f6 26. Be3 Ne5 27. Nxe5 fxe5 28. Bh3 Nc4 29. Bxc8 Qxc8 30. Qe2 Qh3 31. Bg1 Bh6 32. Ra1 Qh5 33. a4 Rf8 34. Kg2 g5 35. axb5 axb5 36. g4 Qf7 37. Rca2 Qf4 38. Ra8 Kg7 39. Rxf8 Qxf8 40. Ra7 Qf7 41. Rb7 Qd7 42. Qa2 Kg6 43. Qa6 Qf7 44. Qxb5 Nd2 45. Qd3 Qf4 46. Qe3 Bg7 47. Rxc7 Bf6 48. Qxf4 exf4 49. b5 Nb3 50. b6 Nc5 51. Bxc5 dxc5 52. Rxc5 1-0

[Event "Ardennes-ch 0102"]
[Site "Ardennes"]
[Date "2001.??.??"]
[Round "?"]
[White "Hentzien, Maxime"]
[Black "Tristant, Roger"]
[Result "1-0"]
[WhiteElo "1670"]
[BlackElo "1760"]
[PlyCount "214"]
[EventDate "2001.??.??"]
[EventType "swiss"]
[EventRounds "9"]
[EventCountry "FRA"]
[SourceTitle "EXT 2008"]
[Source "ChessBase"]
[SourceDate "2007.11.25"]
[SourceVersion "1"]
[SourceVersionDate "2007.11.25"]
[SourceQuality "1"]

1. e4 e5 2. Nf3 Nc6 3. d4 exd4 4. Nxd4 Bc5 5. Nxc6 Qf6 6. Qd2 dxc6 7. Bd3 Ne7 8. Qf4 Qxf4 9. Bxf4 Bb6 10. 0-0 Be6 11. Nc3 Ng6 12. Bg3 a5 13. Na4 0-0 14. Nxb6 cxb6 15. f4 f5 16. exf5 Bxf5 17. Bxf5 Rxf5 18. Rad1 Raf8 19. Rd4 Ne5 20. Be1 g5 21. g3 c5 22. Re4 gxf4 23. Rexf4 Rxf4 24. gxf4 Nc4 25. b3 Ne3 26. Rf2 Rf5 27. c4 Kf7 28. Bd2 Ng4 29. Rg2 Nf6 30. Rg5 Ke6 31. Rg7 Ne4 32. Be3 Rf7 33. Rxf7 Kxf7 34. Kg2 Kf6 35. Kf3 Kf5 36. Bc1 Nc3 37. a4 Nb1 38. h3 Nc3 39. Bb2 Ne4 40. Ke3 h5 41. Be5 Ng3 42. Bc7 Ke6 43. Bxb6 Kd6 44. Bxa5 Nf5+ 45. Ke4 Ng3+ 46. Kf3 Nf5 47. Bc3 Ke6 48. b4 Nh4+ 49. Ke4 cxb4 50. Bxb4 Nf5 51. a5 Ng3+ 52. Kf3 Nf5 53. c5 Kd5 54. Ba3 Nd4+ 55. Kg3 Nf5+ 56. Kf2 Nd4 57. Bb2 Nb3 58. Bc3 Nxc5 59. Kf3 Ke6 60. Ke3 Kf5 61. Be5 Ne6 62. Bd6 Nd8 63. Kf3 Nc6 64. Bc7 Nd4+ 65. Kg3 Kg6 66. Be5 Nc6 67. Bc3 Ne7 68. Bd2 Nf5+ 69. Kf3 Nd6 70. Ke3 Kf5 71. Kd4 Ne4 72. Be3 Nd6 73. Kc5 Ke6 74. Bd4 Kd7 75. Be5 Nf7 76. Kb6 Kc8 77. Bc7 Nh6 78. Bd6 Nf5 79. Be5 Ne7 80. Kc5 Kd7 81. Bf6 Nf5 82. Kd5 Nd6 83. Bc3 Nf7 84. f5 Ke7 85. f6+ Kd7 86. h4 Nd6 87. Ke5 Nb5 88. Bb4 Ke8 89. Kf5 Kf7 90. Kg5 Nd4 91. Bc3 Ne6+ 92. Kxh5 Nf4+ 93. Kg5 Ne6+ 94. Kf5 Nc5 95. h5 Ne6 96. h6 Nf8 97. Kg5 Ng6 98. h7 Nh8 99. Bd2 Ng6 100. Kf5 Nh4+ 101. Kg4 Ng6 102. Kg5 Nh8 103. Be1 Kf8 104. Bh4 Kf7 105. Kf5 Ng6 106. Bg5 Nh8 107. Bh6 Ng6 1-0

[Event "Ardennes-ch 0102"]
[Site "Ardennes"]
[Date "2001.??.??"]
[Round "?"]
[White "Tristant, Roger"]
[Black "Guerpillon, Louis"]
[Result "1-0"]
[WhiteElo "1740"]
[BlackElo "1760"]
[PlyCount "48"]
[EventDate "2001.??.??"]
[EventType "swiss"]
[EventRounds "9"]
[EventCountry "FRA"]
[SourceTitle "EXT 2008"]
[Source "ChessBase"]
[SourceDate "2007.11.25"]
[SourceVersion "1"]
[SourceVersionDate "2007.11.25"]
[SourceQuality "1"]

1. d4 e6 2. c4 Nf6 3. Nc3 b6 4. e4 Bb4 5. Bd3 Bb7 6. f3 d5 7. cxd5 exd5 8. e5 Nfd7 9. Be3 0-0 10. Nge2 c5 11. f4 Nc6 12. 0-0 cxd4 13. Nxd4 Nxd4 14. Bxd4 Bxc3 15. Bxc3 Nc5 16. Bc2 Rc8 17. Bf5 Ne6 18. Qe2 Rc4 19. g3 Qc8 20. Rad1 Rd8 21. Bd3 Ra4 22. f5 Ng5 23. Qh5 h6 24. h4 Qc5+ 1-0

[Event "Ardennes-ch 0102"]
[Site "Ardennes"]
[Date "2001.??.??"]
[Round "?"]
[White "Tristant, Roger"]
[Black "Guyon, Cindy"]
[Result "1-0"]
[WhiteElo "1760"]
[BlackElo "1400"]
[PlyCount "59"]
[EventDate "2001.??.??"]
[EventType "swiss"]
[EventRounds "9"]
[EventCountry "FRA"]
[SourceTitle "EXT 2008"]
[Source "ChessBase"]
[SourceDate "2007.11.25"]
[SourceVersion "1"]
[SourceVersionDate "2007.11.25"]
[SourceQuality "1"]

1. d4 d5 2. c4 e6 3. Nc3 Nf6 4. Nf3 Bb4 5. Bg5 Nbd7 6. e3 0-0 7. cxd5 exd5 8. Bd3 Re8 9. 0-0 c6 10. Qc2 g6 11. h3 b6 12. Rac1 Bb7 13. Qb3 c5 14. Bb5 Re6 15. Rfd1 a6 16. Be2 a5 17. dxc5 Nxc5 18. Qc2 Rc8 19. Qb1 Bxc3 20. Rxc3 Nce4 21. Bxf6 Nxc3 22. Bxc3 Qe7 23. Nd4 Re4 24. Bf3 Rh4 25. Ne2 Qg5 26. Ng3 Rd8 27. Qd3 Bc6 28. e4 Rf4 29. Qd4 Qh6 30. Qh8# 1-0

[Event "Finistere-chT 9899"]
[Site "Finistere"]
[Date "1999.??.??"]
[Round "7"]
[White "Delachaux, Jacques"]
[Black "Tristant, Roger"]
[Result "0-1"]
[WhiteElo "1960"]
[BlackElo "1770"]
[PlyCount "102"]
[EventDate "1998.??.??"]
[EventType "team"]
[EventRounds "7"]
[EventCountry "FRA"]
[SourceTitle "EXT 2003"]
[Source "ChessBase"]
[SourceDate "2002.11.25"]
[SourceVersion "1"]
[SourceVersionDate "2002.11.25"]
[SourceQuality "1"]

1. e4 c5 2. Nf3 d6 3. Bb5+ Bd7 4. Bxd7+ Qxd7 5. 0-0 Nc6 6. c3 Nf6 7. Qe2 e6 8. d4 cxd4 9. cxd4 Be7 10. Nc3 0-0 11. h3 a6 12. Bf4 d5 13. e5 Nh5 14. Be3 g6 15. g4 Ng7 16. Rad1 b5 17. h4 f5 18. exf6 Rxf6 19. Ne5 Nxe5 20. dxe5 Rf7 21. g5 Nf5 22. Ne4 Nxh4 23. Nf6+ Bxf6 24. gxf6 Nf5 25. Rc1 d4 26. Rfd1 Rd8 27. Bd2 Qd5 28. Ba5 Rb8 29. b4 Rd7 30. Rc5 Qb7 31. Rd3 Rc8 32. Qc2 Rxc5 33. Qxc5 Rd5 34. Qc7 Qxc7 35. Bxc7 Kf7 36. Kf1 h5 37. Ra3 d3 38. Ke1 h4 39. Rxa6 h3 40. Ra8 g5 41. Rh8 Nh4 42. Rh7+ Kf8 43. Rh8+ Kf7 44. Rh7+ Ke8 45. Rh8+ Kf7 46. Rh7+ Kg6 47. f7 d2+ 48. Kd1 h2 49. f8N+ Kf5 50. Rf7+ Ke4 51. f3+ Kd3 0-1